00670 2200253 4500001002100000005001700021008004100038020002200079035002400101041000800125043001300133082000800146090001800154100002300172245006700195250001100262260003300273300001900306650002000325700001900345850001200364990002000376990002000396YOGYA-0911000000001720110919125745.0 ind  a978-602-978-314-8 0010-091100000000017 aInd aYOPD DIY a813 aKS 813bWah B aWAHYU SUJANI, 1982 aBidadari berkalam ilahicWahyu Sujani ; editor, Elis Widayanti aCet. 4 aYogyakartabDiva Pressc2011 a384 hlmc21 cm aFiksi Indonesia aElis Widayanti aYOPDYOG a1913-KS/B.11b1 a1914-KS/B.11b1